00346nam a2200121Ia 4500008004100000040001700041041001200058082001800070100001800088245006100106260004200167300001500209230917s9999||||xx |||||||||||||| ||und|| e184628aMAIN aEnglish a363.325 R441S aRiedel, Bruce 0aSearch for AL QAEDA: Its leadership, ideology and future aNew DelhibSupermova Publishersc2008 aix, 186 p.